[Event "XXV OOM - Mistrzostwa Polski Juniorow Mlodszych - Dziewczeta do lat 14"]
[Site "Sielpia"]
[Date "1899-12-30"]
[Round "9.2"]
[White "Barwinska, Ewa"]
[Black "Zabrzanska, Weronika"]
[Result "1-0"]
[WhiteTitle "I++"]
[BlackTitle "I++"]
[WhiteElo "1622"]
[BlackElo "1763"]

1. e4 c6 2. d4 d5 3. Nc3 g6 4. e5 Bg7 5. Be2 Nh6 6. f4 O-O 7. Nf3 Bg4 8. O-O f6
9. h3 Bxf3 10. Bxf3 fxe5 11. fxe5 e6 12. Qd3 Nd7 13. Bxh6 Bxh6 14. Bg4 Qe7 15.
Ne2 b6 16. h4 Kg7 17. Qh3 Rxf1+ 18. Rxf1 Re8 19. Nf4 Bxf4 20. Rxf4 h5 21. Be2
c5 22. Qg3 Kh6 23. Bd3 Rg8 24. Rf6 Nxf6 25. Qg5+ Kg7 26. Qxg6+ Kf8 27. exf6 Qf7
28. Qh6+ Ke8 29. Qf4 c4 30. Qb8+ Kd7 31. Qb7+ 1-0

[Event "XXV OOM - Mistrzostwa Polski Juniorow Mlodszych - Dziewczeta do lat 14"]
[Site "Sielpia"]
[Date "1899-12-30"]
[Round "9.3"]
[White "Goraj, Barbara"]
[Black "Obrochta, Lena"]
[Result "1/2-1/2"]
[WhiteTitle "I++"]
[BlackTitle "I+"]
[WhiteElo "1824"]
[BlackElo "1704"]

1. e4 e5 2. Nf3 d6 3. Nc3 Be7 4. d4 Nd7 5. g3 Ngf6 6. Bg2 O-O 7. O-O c6 8. a4 Re8
9. Re1 Qc7 10. h3 Bf8 11. Be3 b6 12. Qd2 a6 13. g4 g6 14. g5 Nh5 15. Nh2 f6 16.
Bf3 Ng7 17. gxf6 Nxf6 18. Ng4 Be7 19. d5 c5 20. Nxf6+ Bxf6 21. Kh2 Rf8 22. Bg4
Bh4 23. Rg1 g5 24. Raf1 h6 25. f3 Rf6 26. Qe2 Bd7 27. b3 Raf8 28. Kg2 Ra8 29.
Qd3 Kh7 30. Kh2 Raf8 31. Qe2 Bc8 32. Nb1 Bd7 33. Nd2 Bc8 34. Kg2 Kh8 35. Nc4 b5
36. Nb2 b4 37. Kh2 Kh7 38. Nd1 Qb6 39. Kg2 Kh8 40. Bf2 Bxf2 41. Nxf2 Rf4 42. Nd3
R4f6 43. Qe3 Kh7 44. Rf2 Qc7 45. Rgf1 Bd7 46. Kh2 Qc8 47. Qe2 Qc7 48. Ne1 Bc8
49. Ng2 Kh8 50. Ne3 Kh7 51. Kg2 Qd8 52. Kh1 Rf4 53. Ng2 R4f7 54. Kh2 Kh8 55. Ne1
Rf6 56. Nd3 Kh7 57. Rg1 Qc7 58. Rgg2 Kh8 59. Nb2 Kh7 60. Kg1 Rf4 61. Nd3 R4f7
62. Ne1 Kh8 63. Nd3 Kh7 64. Qe3 Rf6 65. Kh1 Kh8 66. Ne1 Rf4 67. Rh2 Qe7 68. Bxc8
Rxc8 1/2-1/2

[Event "XXV OOM - Mistrzostwa Polski Juniorow Mlodszych - Dziewczeta do lat 14"]
[Site "Sielpia"]
[Date "1899-12-30"]
[Round "9.4"]
[White "Hertlein, Irena"]
[Black "Starosta, Martyna"]
[Result "1-0"]
[WhiteTitle "I+"]
[BlackTitle "WCM"]
[WhiteElo "1713"]
[BlackElo "1672"]

1. d4 Nf6 2. Nf3 g6 3. Nc3 d5 4. Bf4 Bg7 5. e3 c6 6. Be2 Nbd7 7. Qd2 a5 8. a4 b6
9. h4 Ba6 10. Bxa6 Rxa6 11. Qe2 Ra7 12. Ne5 Qc8 13. f3 Nh5 14. Bh2 Bxe5 15. dxe5
Ng7 16. g4 h5 17. Qg2 hxg4 18. Qxg4 Nf5 19. Bf4 e6 20. e4 Ne7 21. O-O-O Rh5 22.
exd5 Nxd5 23. Ne4 Qb8 24. Nd6+ Kf8 25. Rhe1 Nc5 26. b3 Rd7 27. Rg1 Qc7 28. Rg2
Ne7 29. Qxh5 Ng8 30. Qh8 Rd8 31. h5 Ke7 32. hxg6 fxg6 33. Qg7# Ke8 1-0

[Event "XXV OOM - Mistrzostwa Polski Juniorow Mlodszych - Dziewczeta do lat 14"]
[Site "Sielpia"]
[Date "1899-12-30"]
[Round "9.5"]
[White "Rejniak, Zuzanna"]
[Black "Slusarczyk, Milena"]
[Result "0-1"]
[WhiteTitle "k"]
[BlackTitle "I+"]
[WhiteElo "1904"]
[BlackElo "1509"]

1. e4 c5 2. Nc3 d6 3. f4 Nc6 4. Nf3 g6 5. Bb5 Bd7 6. d3 Bg7 7. O-O Nd4 8. Bxd7+
Qxd7 9. Kh1 e6 10. Nxd4 cxd4 11. Ne2 Ne7 12. c3 dxc3 13. bxc3 O-O 14. d4 Rac8
15. Rb1 b5 16. Qd3 a6 17. a4 bxa4 18. Qxa6 Ra8 19. Qb7 Ra7 20. Qxd7 Rxd7 21. Ba3
Rc8 22. Rb4 Ra7 23. Rfb1 Nc6 24. Rb5 Bf8 25. f5 gxf5 26. exf5 d5 27. Bxf8 Kxf8
28. fxe6 fxe6 29. Nf4 Nd8 30. Rf1 Ke7 31. Re1 Kd6 32. g4 Rxc3 33. Rb6+ Rc6 34.
Rxc6+ Kxc6 35. h4 a3 36. g5 a2 37. Ra1 Kb5 38. h5 Kc4 39. g6 hxg6 40. hxg6 Kxd4
41. Nh5 Nc6 42. g7 Ne7 43. Nf4 e5 44. Nh5 Ng8 45. Kg2 Kc3 46. Kf2 0-1

[Event "XXV OOM - Mistrzostwa Polski Juniorow Mlodszych - Dziewczeta do lat 14"]
[Site "Sielpia"]
[Date "1899-12-30"]
[Round "9.6"]
[White "Jedrzejko, Martyna"]
[Black "Krzyzosiak, Marta"]
[Result "1/2-1/2"]
[WhiteTitle "I"]
[BlackTitle "I++"]
[WhiteElo "1466"]
[BlackElo "1626"]

1. e4 c5 2. Na3 d6 3. c3 Nf6 4. g3 g6 5. Bg2 Bg7 6. d4 cxd4 7. cxd4 Nbd7 8. Ne2
O-O 9. O-O Rb8 10. Nc2 b5 11. b4 Bb7 12. f3 Qc7 13. Bb2 Nb6 14. Na3 a6 15. Rc1
Qd7 16. Qd3 Rfc8 17. Rxc8+ Rxc8 18. Rc1 e6 19. Bh3 Nc4 20. Nxc4 Rxc4 21. Rxc4
bxc4 22. Qxc4 d5 23. exd5 Qxd5 24. Qxd5 Bxd5 25. a4 Bxf3 26. Kf2 Bc6 27. Nc3 Nd7
28. Ke3 Nb6 29. Bf1 Bh6+ 30. Kf2 Bg7 31. Ke3 Bh6+ 32. Kf2 Bg7 33. Ke3 Bh6+ 34.
Kf2 Bg7 1/2-1/2

[Event "XXV OOM - Mistrzostwa Polski Juniorow Mlodszych - Dziewczeta do lat 14"]
[Site "Sielpia"]
[Date "1899-12-30"]
[Round "9.7"]
[White "Krzyzosiak, Anna"]
[Black "Kucharska, Helena"]
[Result "1-0"]
[WhiteTitle "I++"]
[BlackTitle "I"]
[WhiteElo "1528"]
[BlackElo "1385"]

1. e4 e6 2. d3 d5 3. Qe2 Qe7 4. Nf3 Nf6 5. g3 dxe4 6. dxe4 e5 7. Nbd2 c5 8. Nc4
Nc6 9. Bd2 Bg4 10. c3 Qe6 11. Bg2 h6 12. h3 Bh5 13. g4 Bg6 14. Nh4 b5 15. Nxg6
fxg6 16. Ne3 a6 17. Nd5 Bd6 18. Be3 g5 19. Bxc5 O-O 20. Bxd6 Qxd6 21. Qd3 Nd7
22. Rd1 Nc5 23. Qe3 Rad8 24. O-O Kh8 25. Nb4 Qxd1 26. Rxd1 Rxd1+ 27. Kh2 Nxb4
28. Qxc5 Rf4 29. cxb4 Rd2 30. Qxe5 Rfxf2 31. Qg3 Rxb2 32. Kg1 Rxa2 33. Qxf2 Rxf2
34. Kxf2 Kg8 35. Ke3 Kf7 36. Kd4 1-0

[Event "XXV OOM - Mistrzostwa Polski Juniorow Mlodszych - Dziewczeta do lat 14"]
[Site "Sielpia"]
[Date "1899-12-30"]
[Round "9.8"]
[White "Anyz, Monika"]
[Black "Gaczol, Julia"]
[Result "1/2-1/2"]
[WhiteTitle "I+"]
[BlackTitle "I"]
[WhiteElo "1424"]
[BlackElo "1394"]

1. e4 c5 2. Nf3 e6 3. d4 cxd4 4. Nxd4 a6 5. Nc3 Qc7 6. Bd3 Nf6 7. O-O Bc5 8. Nb3
Be7 9. f4 d6 10. a4 Nbd7 11. Be3 b6 12. Kh1 Bb7 13. Qe2 Nc5 14. Nxc5 dxc5 15.
Rad1 O-O 16. b3 Rfd8 17. Qf3 Nd7 18. Qh3 e5 19. f5 Nf6 20. Qg3 Kh8 21. Qf3 Bc6
22. Rfe1 Qb7 23. Bf2 b5 24. Rc1 bxa4 25. Nxa4 Bxa4 26. bxa4 Qc6 27. Bc4 Kg8 28.
Ra1 Rab8 29. Qe2 Rb4 30. a5 Ra8 31. Bh4 Ra7 32. Bxf6 Bxf6 33. Red1 Rb8 34. Qd3
h6 35. Qe2 Bg5 1/2-1/2

[Event "XXV OOM - Mistrzostwa Polski Juniorow Mlodszych - Dziewczeta do lat 14"]
[Site "Sielpia"]
[Date "1899-12-30"]
[Round "9.9"]
[White "Lukasik, Zuzanna"]
[Black "Miranowska, Anna"]
[Result "0-1"]
[WhiteTitle "I++"]
[BlackTitle "I"]
[WhiteElo "1618"]
[BlackElo "1331"]

1. e4 c6 2. d4 d5 3. Nc3 dxe4 4. Nxe4 Bf5 5. Ng3 Bg6 6. Nf3 Nd7 7. Bd3 e6 8. O-O
Ngf6 9. b3 Bd6 10. Bxg6 hxg6 11. c4 Qc7 12. c5 Bf4 13. b4 Bxg3 14. fxg3 Nd5 15.
a3 a5 16. Bd2 axb4 17. axb4 O-O 18. Qe2 b5 19. Ng5 N7f6 20. Nf3 Nd7 21. Qe4 Ra7
22. Ng5 N7f6 23. Rxa7 Qxa7 24. Qh4 Qa2 25. Bf4 Qe2 26. h3 Ra8 27. g4 Nxf4 28.
Rxf4 Ra2 29. Qg3 Ra1+ 30. Kh2 Qe1 31. Qxe1 Rxe1 32. Nf3 Rf1 33. g3 Nd5 34. Kg2
Nxf4+ 35. Kxf1 Nd3 36. Ke2 Nxb4 37. Ne5 g5 38. Kd2 f6 39. Nd7 Kf7 40. Nb8 e5 41.
dxe5 fxe5 42. Kc3 Nd5+ 43. Kd3 Ne7 44. Ke4 Ke6 45. h4 gxh4 46. gxh4 b4 47. Na6
Nd5 48. Kd3 b3 49. Nb8 e4+ 50. Kd2 e3+ 51. Kd3 b2 52. Kc2 e2 53. Kxb2 e1=Q 0-1

[Event "XXV OOM - Mistrzostwa Polski Juniorow Mlodszych - Dziewczeta do lat 14"]
[Site "Sielpia"]
[Date "1899-12-30"]
[Round "9.10"]
[White "Olszewska, Wiktoria"]
[Black "Arciszewska, Zuzanna"]
[Result "1-0"]
[WhiteTitle "I"]
[BlackTitle "I"]
[WhiteElo "1306"]
[BlackElo "1370"]

1. e4 e5 2. Nc3 Nf6 3. g3 Bc5 4. Bg2 Nc6 5. d3 d6 6. Nge2 Be6 7. O-O Qd7 8. a3
O-O-O 9. b4 Bd4 10. Nxd4 Nxd4 11. Ne2 Nxe2+ 12. Qxe2 Bh3 13. f3 h5 14. Be3 Kb8
15. Qf2 b6 16. a4 d5 17. c4 Bxg2 18. Kxg2 d4 19. Bd2 Rdg8 20. c5 g5 21. cxb6 cxb6
22. h3 g4 23. fxg4 Rg6 24. g5 Nh7 25. Qxf7 Qxf7 26. Rxf7 Nxg5 27. Bxg5 Rxg5 28.
Raf1 Rhg8 29. Rf8+ Rxf8 30. Rxf8+ Kb7 31. Rf5 Rg7 32. Rxe5 Rc7 33. Rd5 Rc2+ 34.
Kf3 Rh2 35. h4 Ra2 36. Rxd4 Rxa4 37. Ke3 Ra1 38. Rd5 a5 39. bxa5 bxa5 40. e5 a4
41. Kd2 Rg1 42. Ra5 Rg2+ 43. Kc3 Rxg3 44. Rxa4 Kc6 45. Re4 Kd7 46. Kc4 Rg1 47.
e6+ Ke7 48. Kd5 Ra1 49. Ke5 Ra5+ 50. Kf4 Rd5 51. d4 Ra5 52. Re5 Ra4 53. Ke4 Ra1
54. Rxh5 Re1+ 55. Kd5 Ra1 56. Rh7+ 1-0

[Event "XXV OOM - Mistrzostwa Polski Juniorow Mlodszych - Dziewczeta do lat 14"]
[Site "Sielpia"]
[Date "1899-12-30"]
[Round "9.11"]
[White "Lajdamik, Anna"]
[Black "Mezykowska, Emilia"]
[Result "1/2-1/2"]
[WhiteTitle "I"]
[BlackTitle "I"]
[WhiteElo "1279"]
[BlackElo "1579"]

1. e4 c5 2. d4 cxd4 3. c3 dxc3 4. Nxc3 e6 5. Bc4 a6 6. Nf3 b5 7. Bb3 Bb7 8. O-O
b4 9. Na4 Bxe4 10. Re1 Bb7 11. Be3 Nc6 12. Bb6 Qc8 13. Be3 Qd8 14. Bb6 Qc8 15.
Be3 Qd8 16. Bb6 Qc8 1/2-1/2

[Event "XXV OOM - Mistrzostwa Polski Juniorow Mlodszych - Dziewczeta do lat 14"]
[Site "Sielpia"]
[Date "1899-12-30"]
[Round "9.12"]
[White "Dallemura, Anna"]
[Black "Trybus, Dominika"]
[Result "1-0"]
[WhiteTitle "I"]
[BlackTitle "II+"]
[WhiteElo "1482"]
[BlackElo "1219"]

1. e4 Nf6 2. e5 Nd5 3. d4 d6 4. Bc4 Nb6 5. Bb3 d5 6. c3 Bf5 7. Nf3 e6 8. O-O Be7
9. Re1 Nc6 10. Nbd2 O-O 11. Nf1 Bg4 12. h3 Bh5 13. Ng3 Bg6 14. Bc2 Bxc2 15. Qxc2
f6 16. exf6 Rxf6 17. Ng5 Rg6 18. Nxe6 Qd7 19. Nc5 Bxc5 20. dxc5 Nc4 21. Qf5 Qxf5
22. Nxf5 Kf7 23. Nd4 N4e5 24. Kf1 Nd3 25. Nxc6 Rxc6 26. Rd1 Nxc5 27. Rxd5 Ke6
28. Rd1 Rf8 29. Re1+ Kd7 30. Re2 Rcf6 31. Be3 Ne4 32. Kg1 c5 33. Rd1+ Kc6 34.
Rd3 b6 35. c4 h6 36. b3 g5 37. f3 Ng3 38. Red2 Re8 39. Bf2 Nf5 40. Kf1 Rd6 41.
Rd5 Rxd5 42. Rxd5 Ng7 43. Bg3 Nh5 44. Bh2 Re6 45. Rd8 a6 46. Rc8+ Kb7 47. Rc7+
Ka8 48. Rd7 a5 49. Bd6 Nf6 50. Rd8+ Kb7 51. Bh2 Nh5 52. g4 Ng7 53. Rd7+ Kc8 54.
Rxg7 Rf6 55. Kf2 Kd8 56. Rb7 Kc8 57. Re7 Kd8 58. Re4 Kd7 59. Ke3 Re6 60. Rxe6
Kxe6 61. Bc7 Kd7 62. Bxb6 a4 63. Bxc5 axb3 64. axb3 Kc6 65. b4 Kb7 66. Kd4 h5
67. gxh5 g4 68. hxg4 Kc6 69. b5+ Kb7 70. h6 Kc7 71. h7 Kb7 72. g5 Kc7 73. g6 Kb7
74. g7 Kc7 75. h8=Q Kb7 76. g8=Q Kc7 77. Qhg7# 1-0

[Event "XXV OOM - Mistrzostwa Polski Juniorow Mlodszych - Dziewczeta do lat 14"]
[Site "Sielpia"]
[Date "1899-12-30"]
[Round "9.13"]
[White "Nowak, Roksana"]
[Black "Bukala, Weronika"]
[Result "1-0"]
[WhiteTitle "I"]
[BlackTitle "I"]
[WhiteElo "1356"]
[BlackElo "1234"]

1. f4 d5 2. Nf3 g6 3. e3 Bg7 4. d4 c5 5. Bb5+ Bd7 6. Bxd7+ Qxd7 7. O-O Nc6 8. c3
Nf6 9. Nbd2 cxd4 10. exd4 O-O 11. Ne5 Qc7 12. Qe1 e6 13. Qh4 Qb6 14. Ndf3 Nxe5
15. Nxe5 Ne4 16. Ng4 Qc7 17. Nf2 Nxc3 18. bxc3 Qxc3 19. Rb1 Bxd4 20. Bb2 Qc5 21.
Bxd4 Qxd4 22. Rfd1 Qc5 23. Qf6 b6 24. Rbc1 Qd6 25. Ng4 h5 26. Nh6+ Kh7 27. Nxf7
Rxf7 28. Qxf7+ Kh6 29. Rc7 Rh8 30. Qg7# 1-0

[Event "XXV OOM - Mistrzostwa Polski Juniorow Mlodszych - Dziewczeta do lat 14"]
[Site "Sielpia"]
[Date "1899-12-30"]
[Round "9.14"]
[White "Bychowska, Marta"]
[Black "Czerwinska, Oliwia"]
[Result "0-1"]
[WhiteTitle "II"]
[BlackTitle "I"]
[WhiteElo "1235"]
[BlackElo "1303"]

1. e4 e5 2. Nf3 d6 3. Nc3 Nf6 4. h3 Be7 5. d4 Nbd7 6. dxe5 Nxe5 7. Nxe5 dxe5 8.
Qxd8+ Bxd8 9. Bd3 O-O 10. O-O Be7 11. Bg5 h6 12. Bxf6 Bxf6 13. Nd5 Bd8 14. c4
c6 15. Ne3 Bb6 16. Rfe1 Bd4 17. Rab1 Rd8 18. Bf1 Be6 19. b3 Rd6 20. Nc2 Rad8 21.
Nxd4 Rxd4 22. f3 Rd2 23. Ra1 Kf8 24. Be2 Ke7 25. Kf1 f5 26. Red1 f4 27. Rxd2 Rxd2
28. Ke1 Rd4 29. Rd1 c5 30. Rxd4 exd4 31. Kd2 Kf6 32. a3 b6 33. b4 a5 34. b5 Kg5
35. Ke1 h5 36. Kf2 Kf6 37. Bd3 g5 38. Be2 Ke5 39. a4 g4 40. hxg4 hxg4 41. Kg1
gxf3 42. gxf3 d3 43. Bxd3 Kd4 44. Bf1 Kc3 45. Kh2 Kb4 46. Bh3 Bf7 47. Bd7 Kxc4
48. Kh3 Kd4 49. Kg2 Bb3 50. Kf2 Bxa4 51. Ke2 Bb3 52. Kd2 a4 53. Kc1 a3 54. Kb1
Bd1 55. Bg4 Bb3 56. Ka1 Bf7 57. Bh3 Be8 58. Bf1 Ke3 59. Ka2 Kxf3 60. e5 Ke3 61.
Kxa3 f3 62. Kb3 Kf2 63. Bc4 Ke1 64. e6 f2 65. e7 f1=Q 66. Bxf1 Kxf1 67. Kc4 Ke2
68. Kb3 Kd3 69. Ka4 c4 70. Ka3 c3 71. Ka2 c2 72. Kb2 Kd2 73. Kb3 c1=Q 74. Ka4
Qb1 75. Ka3 Kc3 76. Ka4 Qa1# 0-1

[Event "XXV OOM - Mistrzostwa Polski Juniorow Mlodszych - Dziewczeta do lat 14"]
[Site "Sielpia"]
[Date "1899-12-30"]
[Round "9.15"]
[White "Pietrzak, Emilia"]
[Black "Szczotka, Matylda"]
[Result "1/2-1/2"]
[WhiteTitle "I"]
[BlackTitle "I"]
[WhiteElo "1230"]
[BlackElo "1301"]

1. e4 e5 2. Nc3 Nc6 3. Bc4 Nf6 4. d3 h6 5. f4 Bc5 6. Nf3 d6 7. Na4 Bb6 8. Nxb6
axb6 9. O-O O-O 10. fxe5 Nxe5 11. Nxe5 dxe5 12. Qf3 Kh7 13. Be3 Qd6 14. Rad1 Bg4
15. Qf2 Bxd1 16. Rxd1 Qd7 17. h3 Nxe4 18. Qh4 Nd6 19. Bd5 c6 20. Bb3 c5 21. Rf1
f5 22. Qh5 f4 23. Bf2 Nf5 24. Re1 Rae8 25. Qf3 Nd4 26. Bxd4 Qxd4+ 27. Kh1 Re7
28. c3 Qd6 29. Bc2 Kh8 30. Qe4 g6 31. d4 cxd4 32. cxd4 Rfe8 33. d5 Rg7 34. Qa4
Rf8 35. Be4 Qf6 36. Rd1 Qh4 37. Qb4 Re8 1/2-1/2

[Event "XXV OOM - Mistrzostwa Polski Juniorow Mlodszych - Dziewczeta do lat 14"]
[Site "Sielpia"]
[Date "1899-12-30"]
[Round "9.16"]
[White "Kieca, Aleksandra"]
[Black "Pacho, Maria"]
[Result "1-0"]
[WhiteTitle "I"]
[BlackTitle "II"]
[WhiteElo "1475"]
[BlackElo "1166"]

1. e4 d6 2. d4 Nf6 3. Nc3 g6 4. f3 Bg7 5. Be3 O-O 6. Qd2 Nbd7 7. h4 c5 8. dxc5
Nxc5 9. e5 Nh5 10. Nge2 Bxe5 11. O-O-O Be6 12. g4 Ng7 13. Nd4 Qa5 14. a3 Rac8
15. h5 a6 16. hxg6 fxg6 17. f4 Bxd4 18. Bxd4 Bxg4 19. Re1 Nce6 20. Be3 Nf5 21.
Qh2 Bh5 22. Bd2 Ned4 23. Bg2 b5 24. Kb1 Qc7 25. Rc1 a5 26. Nd5 Qa7 27. Ne3 b4
28. Nxf5 Nxf5 29. Bf3 Ng7 30. Bxh5 Nxh5 31. Qh3 Qf2 32. Be3 Qg3 33. Qe6+ Kh8 34.
Rcg1 Qf3 35. Rxh5 1-0

[Event "XXV OOM - Mistrzostwa Polski Juniorow Mlodszych - Dziewczeta do lat 14"]
[Site "Sielpia"]
[Date "1899-12-30"]
[Round "9.17"]
[White "Straczek, Wiktoria"]
[Black "Bugaj, Hanna"]
[Result "0-1"]
[WhiteTitle "I"]
[BlackTitle "I"]
[WhiteElo "1257"]
[BlackElo "1363"]

1. e4 c5 2. Nc3 e6 3. g3 d5 4. exd5 exd5 5. Bg2 Nf6 6. Nge2 d4 7. Ne4 Nxe4 8. Bxe4
Nc6 9. d3 g6 10. O-O Bg7 11. Re1 O-O 12. Bg2 Bf5 13. Bf4 Qd7 14. Qd2 Bh3 15. Bh1
Rfe8 16. Bh6 Ne5 17. Bxg7 Kxg7 18. Nf4 Bg4 19. Nd5 Nf3+ 20. Bxf3 Bxf3 21. Qg5
Qxd5 22. Qxd5 Bxd5 23. Kf1 Rxe1+ 24. Rxe1 Kf6 25. f4 Bc6 26. Kf2 Re8 27. Rd1 Kf5
28. Kf1 Kg4 29. Kf2 Kh3 30. Kg1 Re2 31. Kf1 Rxh2 32. Ke1 Rh1+ 33. Kd2 Rxd1+ 34.
Kxd1 Kxg3 0-1

[Event "XXV OOM - Mistrzostwa Polski Juniorow Mlodszych - Dziewczeta do lat 14"]
[Site "Sielpia"]
[Date "1899-12-30"]
[Round "9.18"]
[White "Skolska, Emilia"]
[Black "Franek, Diana"]
[Result "0-1"]
[WhiteTitle "I"]
[BlackTitle "II"]
[WhiteElo "1300"]
[BlackElo "1256"]

1. e4 e5 2. Nf3 Nc6 3. d4 exd4 4. Bc4 Nf6 5. O-O Nxe4 6. Re1 d5 7. Bxd5 Qxd5 8.
Nc3 Qh5 9. Nxe4 Be6 10. Neg5 O-O-O 11. Nxe6 fxe6 12. Rxe6 Bd6 13. Bg5 Rde8 14.
Qe1 h6 15. Bh4 Ne5 0-1

[Event "XXV OOM - Mistrzostwa Polski Juniorow Mlodszych - Dziewczeta do lat 14"]
[Site "Sielpia"]
[Date "1899-12-30"]
[Round "9.19"]
[White "Uliasz, Katarzyna"]
[Black "Hals, Emilia"]
[Result "1/2-1/2"]
[WhiteTitle "I"]
[BlackTitle "I"]
[WhiteElo "1270"]
[BlackElo "1293"]

1. Nf3 c6 2. g3 d5 3. Bg2 Nf6 4. d3 g6 5. O-O Bg7 6. Nbd2 O-O 7. e4 dxe4 8. dxe4
Na6 9. Qe2 Bd7 10. Nb3 Qc8 11. c3 Bh3 12. Nbd4 Bxg2 13. Kxg2 e6 14. Ne5 Nc5 15.
f3 Ncd7 16. Nxd7 Nxd7 17. Be3 Qc7 18. Rad1 Rad8 19. Rd2 Nf6 20. Rfd1 Rd7 21. Nb3
Rxd2 22. Qxd2 b6 23. Bf4 e5 24. Be3 Re8 25. c4 c5 26. Nc1 Re7 27. Ne2 Rd7 28.
Qc2 Qd8 29. Rxd7 Qxd7 30. Nc3 Bf8 31. Nd5 Nxd5 32. cxd5 Bd6 33. Bh6 f6 34. Be3
1/2-1/2

[Event "XXV OOM - Mistrzostwa Polski Juniorow Mlodszych - Dziewczeta do lat 14"]
[Site "Sielpia"]
[Date "1899-12-30"]
[Round "9.20"]
[White "Baran, Dagmara"]
[Black "Grzyb, Anna"]
[Result "1-0"]
[WhiteTitle "I"]
[BlackTitle "I"]
[WhiteElo "1244"]
[BlackElo "1266"]

1. e4 Nf6 2. e5 Nd5 3. d4 Nc6 4. c4 Nb6 5. Nc3 d6 6. exd6 cxd6 7. Be3 g6 8. Rc1
Bg7 9. h3 O-O 10. Nf3 Qc7 11. Be2 Rd8 12. O-O a6 13. Nd5 Nxd5 14. cxd5 Rb8 15.
dxc6 bxc6 16. b3 Bd7 17. Qd2 Qb6 18. Rb1 Bf5 19. Bd3 Bd7 20. Rfc1 Rdc8 21. d5
c5 22. b4 Qa7 23. bxc5 Rxb1 24. Rxb1 dxc5 25. Qa5 Qa8 26. Bc4 Bf5 27. Rb6 Be4
28. Qxa6 Qxa6 29. Rxa6 Bd4 30. Nxd4 cxd4 31. Bxd4 f6 32. Rc6 Rb8 33. Rb6 Rc8 34.
d6+ Rxc4 35. d7 Rxd4 36. Rb8+ Kf7 37. d8=Q Rxd8 38. Rxd8 Ke6 39. a4 Kf5 40. a5
e5 41. a6 h5 42. a7 Kf4 43. Rb8 Kf5 44. Rb4 Ba8 45. Rb8 Be4 46. a8=Q Bxa8 47.
Rxa8 Kf4 48. Ra4+ e4 49. f3 f5 50. Kf2 Ke5 51. fxe4 fxe4 52. Ke3 Kf5 53. Rxe4
g5 54. Kf3 h4 55. Rg4 Kg6 56. g3 1-0

[Event "XXV OOM - Mistrzostwa Polski Juniorow Mlodszych - Dziewczeta do lat 14"]
[Site "Sielpia"]
[Date "1899-12-30"]
[Round "9.21"]
[White "Garbowska, Maja"]
[Black "Kulpa, Karolina"]
[Result "1/2-1/2"]
[WhiteTitle "I"]
[BlackTitle "I"]
[WhiteElo "1293"]
[BlackElo "1381"]

1. e4 c5 2. Nf3 d6 3. d4 cxd4 4. Nxd4 Nf6 5. Nc3 a6 6. f4 Qc7 7. Bd3 g6 8. Bd2
Bg7 9. Nb3 Nbd7 10. O-O O-O 11. h3 e6 12. Qc1 b6 13. Ne2 Bb7 14. Ng3 Rae8 15.
f5 exf5 16. exf5 Ne5 17. Be2 Qc6 18. Rf2 Ne4 19. Nxe4 Qxe4 20. Bf3 Nxf3+ 21. Rxf3
Qe5 22. Bc3 Qe2 23. Rf2 Qe3 24. Bd2 Qe5 25. Bc3 Qe3 26. Bd2 Qe5 27. Bc3 Qe3 28.
Bd2 Qe5 29. Bc3 Qe3 1/2-1/2

[Event "XXV OOM - Mistrzostwa Polski Juniorow Mlodszych - Dziewczeta do lat 14"]
[Site "Sielpia"]
[Date "1899-12-30"]
[Round "9.22"]
[White "Walendykiewicz, Martyna"]
[Black "Reszka, Zofia"]
[Result "0-1"]
[WhiteTitle "I"]
[BlackTitle "I"]
[WhiteElo "1175"]
[BlackElo "1199"]

1. e4 c5 2. Nf3 a6 3. d4 cxd4 4. Nxd4 Nf6 5. Nc3 e5 6. Nf3 Bb4 7. Bg5 d6 8. Bd3
Nc6 9. O-O Bxc3 10. bxc3 O-O 11. h3 h6 12. Bh4 Qe7 13. Re1 Qe6 14. Qe2 b5 15.
a4 b4 16. Bc4 Qe7 17. cxb4 Nxb4 18. c3 Nc6 19. Nh2 g5 20. Bg3 Kh8 21. Qd3 Bb7
22. Rad1 Rfd8 23. Qf3 Rac8 24. Qe2 a5 25. Ba6 Nb8 26. Bxb7 Qxb7 27. Qf3 Ne8 28.
Ng4 Kg7 29. h4 Qb3 30. hxg5 hxg5 31. Ra1 Rxc3 32. Qd1 Qxd1 33. Rexd1 Rcc8 34.
Rac1 Rxc1 35. Rxc1 Nf6 36. Nxf6 Kxf6 37. Rc7 Na6 38. Ra7 Nc5 39. Rxa5 Nxe4 40.
Bh2 Rb8 41. g3 Rb1+ 42. Kg2 Ra1 43. Ra6 Ke6 44. Ra8 Nc5 45. a5 d5 46. g4 f6 47.
f3 d4 48. Bg1 Kd6 49. Rf8 Rxa5 50. Rxf6+ Ne6 51. Kg3 Ra2 52. Rh6 d3 53. Be3 Re2
54. Bxg5 d2 55. Bxd2 Rxd2 56. g5 Ke7 57. Rh7+ Kf8 58. Rh5 Nf4 59. Rh2 Rxh2 60.
Kxh2 Kg7 61. Kg3 Kg6 62. Kg4 Ne6 63. Kh4 Nxg5 64. Kg4 Ne6 65. Kh4 Kf5 66. Kg3
Nd4 67. f4 exf4+ 68. Kg2 Ke4 69. Kf2 f3 70. Ke1 Ke3 71. Ke2+ 0-1

[Event "XXV OOM - Mistrzostwa Polski Juniorow Mlodszych - Dziewczeta do lat 14"]
[Site "Sielpia"]
[Date "1899-12-30"]
[Round "9.23"]
[White "Szewc, Dobromila"]
[Black "Retz, Agnieszka"]
[Result "1/2-1/2"]
[WhiteTitle "I"]
[BlackTitle "II+"]
[WhiteElo "1036"]
[BlackElo "1263"]

1. d4 d5 2. c4 e6 3. Nc3 Nf6 4. cxd5 exd5 5. Bg5 Be7 6. e3 O-O 7. Bd3 Nbd7 8. Nf3
b6 9. O-O Bb7 10. Qc2 h6 11. Bh4 Rc8 12. Qe2 Ne4 13. Bxe7 Qxe7 14. Rfc1 Ndf6 15.
Ne5 Nd7 16. Nf3 Ndf6 17. Ne5 Nd7 18. Nf3 Ndf6 19. Ne5 1/2-1/2

[Event "XXV OOM - Mistrzostwa Polski Juniorow Mlodszych - Dziewczeta do lat 14"]
[Site "Sielpia"]
[Date "1899-12-30"]
[Round "9.24"]
[White "Kot, Marta"]
[Black "Matusik, Zuzanna"]
[Result "0-1"]
[WhiteTitle "II"]
[BlackTitle "I"]
[WhiteElo "1218"]
[BlackElo "1226"]

1. e4 e5 2. Nf3 Nc6 3. d4 exd4 4. Nxd4 Bc5 5. Be3 Bb6 6. Bc4 Qe7 7. Qd3 Nf6 8.
f3 Qb4+ 9. Qc3 Bxd4 10. Bxd4 Nxd4 11. Kd2 Qxc3+ 12. Nxc3 d6 13. Kd3 Nc6 14. Kd2
O-O 15. g4 Be6 16. Be2 d5 17. h4 dxe4 18. Nxe4 Nxe4+ 19. fxe4 Ne5 20. Rhg1 Rad8+
21. Ke3 Rd6 22. a3 Rfd8 23. g5 Nc4+ 24. Bxc4 Bxc4 25. b3 Be6 26. Rg2 Re8 27. Kf3
Bd7 28. Re1 Bc6 29. Kf4 h6 30. h5 hxg5+ 31. Rxg5 Rf6+ 32. Rf5 Rxf5+ 33. Kxf5 g6+
34. hxg6 fxg6+ 35. Kxg6 Rxe4 36. Rxe4 Bxe4+ 37. Kf6 Bxc2 38. b4 Kf8 39. Ke6 Ke8
40. Kd5 Kd7 41. Kc5 a6 42. Kd5 b6 43. Kc4 Kc6 44. Kc3 Ba4 45. Kc4 Bd1 46. Kc3
Kb5 47. Kb2 Ka4 48. Ka2 Bb3+ 49. Kb2 Be6 50. Kc3 Kxa3 51. Kc2 Kxb4 52. Kb2 c5
53. Kc2 c4 54. Kb2 c3+ 55. Ka1 c2 56. Kb2 Bf5 57. Ka2 Kc3 58. Ka3 c1=Q+ 59. Ka4
Qa1# 0-1

[Event "XXV OOM - Mistrzostwa Polski Juniorow Mlodszych - Dziewczeta do lat 14"]
[Site "Sielpia"]
[Date "1899-12-30"]
[Round "9.25"]
[White "Kaznowska, Kinga"]
[Black "Scisla, Oliwia"]
[Result "0-1"]
[WhiteTitle "II+"]
[BlackTitle "I++"]
[WhiteElo "1037"]
[BlackElo "1413"]

1. e4 c6 2. d4 d5 3. Nc3 dxe4 4. Nxe4 Bf5 5. Ng3 Bg6 6. Nf3 Nd7 7. Bf4 e6 8. Bc4
Qa5+ 9. Qd2 Qxd2+ 10. Bxd2 Bxc2 11. O-O Bd6 12. Rfe1 Bxg3 13. fxg3 O-O-O 14. Rac1
Bg6 15. Bc3 Ngf6 16. Nh4 Be4 17. Bd2 h6 18. Nf3 Bd5 19. Bxd5 Nxd5 20. Ne5 Nxe5
21. dxe5 Rd7 22. Rcd1 Rhd8 23. Bc1 Nb4 24. Rxd7 Rxd7 25. a3 Nd3 26. Rd1 Nxe5 27.
Rxd7 Kxd7 28. Be3 b6 29. h3 f6 30. Kf1 Nc4 31. Bc1 Kd6 32. Ke2 Kd5 33. Kd3 e5
34. g4 e4+ 35. Ke2 a5 36. b3 Ne5 37. Bf4 g5 38. Be3 b5 39. Bd2 a4 40. bxa4 bxa4
41. Bc3 Kc4 42. Bb4 c5 43. Ba5 Kb3 44. Bd8 Kxa3 45. Bxf6 Nc4 46. Be7 Kb2 47. Bxc5
a3 48. Bxa3+ Kxa3 49. g3 Kb3 50. h4 Kc3 51. Kf2 Kd2 52. Kf1 e3 53. h5 e2+ 54.
Kg2 e1=Q 55. Kh2 Qe4 56. Kh3 Qh1# 0-1

[Event "XXV OOM - Mistrzostwa Polski Juniorow Mlodszych - Dziewczeta do lat 14"]
[Site "Sielpia"]
[Date "1899-12-30"]
[Round "9.26"]
[White "Maslewska, Anna"]
[Black "Sivickis, Kornelia"]
[Result "1/2-1/2"]
[WhiteTitle "I"]
[BlackTitle "I"]
[WhiteElo "1117"]
[BlackElo "1209"]

1. e4 c5 2. b3 e6 3. Bb2 d5 4. exd5 exd5 5. d4 cxd4 6. Qxd4 Be6 7. Nf3 a6 8. Bd3
Nc6 9. Qe3 Nf6 10. h3 h6 11. O-O Be7 12. Nd4 Nxd4 13. Qxd4 Qd6 14. Rd1 Qc5 15.
Qxc5 Bxc5 16. Bxf6 gxf6 17. Be2 O-O-O 18. Bf3 Rhg8 19. Kf1 Rd7 20. Nc3 Rgd8 21.
Na4 Ba7 22. Rd2 Kb8 23. Rad1 Kc7 24. Nc3 d4 25. Ne2 b5 26. Nf4 Rd6 27. Ne2 R6d7
28. c3 dxc3 29. Rxd7+ Rxd7 30. Rxd7+ Bxd7 31. Nxc3 Be6 32. Nd5+ Bxd5 33. Bxd5
a5 34. Bxf7 a4 35. bxa4 bxa4 36. Be8 a3 37. Ke2 Bd4 38. f4 Kd6 39. Bg6 Ke7 40.
Kf3 Kf8 41. Ke4 Bb2 42. Kf5 Kg7 43. g4 Bc1 44. Bh5 Bb2 45. h4 Bc1 46. g5 hxg5
47. fxg5 fxg5 48. hxg5 Bd2 49. g6 Bb4 50. Bf3 1/2-1/2